| 000 | 00925nam a2200241Ia 4500 | ||
|---|---|---|---|
| 003 | GCL | ||
| 008 | 140319s9999 xx 000 0 ara d | ||
| 020 | _a0139316977 | ||
| 040 |
_aGCL / _cGCL |
||
| 082 | 0 | 4 |
_a415.1 _bم ل |
| 100 | 1 | _aمحمود عكاشة | |
| 245 | 1 | 0 |
_aلغة الخطاب السياسى : _bدراسة لغوية تطبيقية فى ضوء نظرية الاتصال / _cمحمود عكاشة |
| 250 | _aالاولى | ||
| 260 |
_aالقاهرة : _bدار النشر للجامعات المصرية ، _c2005 |
||
| 300 |
_a379 ص ؛ _c25 سم |
||
| 650 | 0 | 4 | _aالنحو - الجملة الاسمية |
| 650 | 0 | 4 | _aالنحو - الجملة الفعلية |
| 650 | 0 | 4 | _aالخطب السياسية |
| 650 | 0 | 4 | _aاللغة العربية - مقالات ومحاضرت |
| 650 | 0 | 4 | _aالنحو - المضاف و المضاف اليه |
| 650 | 0 | 4 | _aالنحو - الاصوات |
| 942 |
_2ddc _cBK |
||
| 999 |
_c7501 _d7501 |
||